Petrology of the metamorphic rocks (Record no. 53460)

MARC details
000 -LEADER
fixed length control field 00501nam a2200145 a 4500
008 - FIXED-LENGTH DATA ELEMENTS--GENERAL INFORMATION
fixed length control field 120416s1990 ||||||||||||||||| || u
050 ## - LIBRARY OF CONGRESS CALL NUMBER
Classification number QE 475.A2 Mas
100 ## - MAIN ENTRY--PERSONAL NAME
Personal name Mason, Roger
245 10 - TITLE STATEMENT
Title Petrology of the metamorphic rocks
250 ## - EDITION STATEMENT
Edition statement 2nd ed.
260 ## - PUBLICATION, DISTRIBUTION, ETC.
Place of publication, distribution, etc. London
Name of publisher, distributor, etc. Unwin Hyman
Date of publication, distribution, etc. 1990
300 ## - PHYSICAL DESCRIPTION
Extent viii, 230p. : ill
350 ## - PRICE (NR) (BK AM CF MU VM SE) [OBSOLETE]
Price 0.00
995 ## - RECOMMENDATION 995 [LOCAL, UNIMARC FRANCE]
-- 0.00
-- CBU-MAIN LIBRARY (Kitwe)
-- 1
-- 100.00
-- AVAILABLE
-- Annex Low-Usage Collection
Holdings
Withdrawn status Lost status Source of classification or shelving scheme Damaged status Not for loan Home library Current library Shelving location Date acquired Total Checkouts Full call number Barcode Date last seen Price effective from Koha item type
          CBU-MAIN LIBRARY, KITWE. CBU-MAIN LIBRARY, KITWE.   11/30/2022   QE 475.A2 Mas 013584 11/30/2022 11/30/2022 MONOGRAPH